Pokémon - Les attaques de Sablaireau d'Alola - Statistiques

Statistiques générales
  • Ce quiz a été pris 14 fois
  • Le résultat moyen est 15 sur 20
Statistiques - réponses
Niveaux Types Noms des attaques % Correct
Départ Glace Blizzard
100%
Départ Normal Griffe
100%
Départ Acier Griffe Acier
100%
Départ Normal Boul'Armure
86%
Départ Glace Chute Glace
86%
Départ Acier Gyroballe
86%
Départ Acier Mur de Fer
86%
Départ Glace Poudreuse
86%
Départ Évolution Glace Stalactite
86%
Départ Insecte Taillade
86%
Départ Acier Tête de Fer
86%
Départ Glace Brume
71%
Départ Normal Combo-Griffe
71%
Départ Glace Grêle
71%
Départ Roche Roulade
71%
Départ Normal Tranche
71%
Départ Normal Danse Lames
57%
Départ Normal Tour Rapide
43%
Départ Acier Fulmifer
29%
Départ Normal Météores
29%
Aucun quiz correspondant
Distribution des résultats
% des personnes avec chaque résultat
Percentile par nombre de réponses
Votre historique - résultats
Vous n’avez pas pris ce quiz